| 000 | 00981nam a22002177a 4500 | ||
|---|---|---|---|
| 003 | OSt | ||
| 005 | 20250621023830.0 | ||
| 008 | 250619b |||||||| |||| 00| 0 eng d | ||
| 020 | _a978-621-427-233-4 | ||
| 040 |
_aDWCL - Main lib _cOC |
||
| 082 | _aFil. 658.408 M539c 2025 | ||
| 100 | _aMendoza, Ernesto H. | ||
| 245 |
_aCorporate social responsibility, good governance, and environmental accountability: _ba tri-focal approach to the philosophy of business synergies and interrelationships with code of corporate governance for publicly-listed companies/ _cErnesto H. Mendoza & Lorma S.P. Garcia |
||
| 250 | _aSecond edition | ||
| 260 |
_aIntramuros, Manila: _bUnlimited Books Library Services & Publishing Inc., _cc2025. |
||
| 300 |
_axii, 316 pages: _billustrations; _c25cm. |
||
| 504 | _aIncludes glossary and bibliographical references. | ||
| 650 | _2Social responsibility of business. | ||
| 700 | _aGarcia, Lorma S.P | ||
| 942 |
_2ddc _cBK - FIL _eSecond edition _kFil. _n0 |
||
| 999 |
_c3164 _d3164 |
||